All Hiragana, Katakana, Dakuon, and Handakuon - Randomizer - Statistics

General Stats
  • This quiz has been taken 892 times
  • The average score is 46 of 60
Answer Stats
Symbol Rōmaji % Correct
re
90%
e
89%
mi
88%
sa
88%
ga
86%
gu
86%
shi
86%
su
86%
ya
86%
zo
86%
he
85%
ro
85%
yu
85%
na
84%
ni
84%
o
84%
pu
84%
ka
83%
ka
83%
ko
83%
mu
83%
n
83%
ra
83%
ri
83%
ga
82%
hi
82%
me
82%
pi
82%
bu
81%
chi
81%
i
81%
ku
81%
nu
81%
ri
81%
te
81%
to
81%
u
81%
wa
81%
ha
80%
i
80%
n
80%
pe
80%
se
80%
su
80%
za
80%
ze
80%
be
79%
bi
79%
bo
79%
gi
79%
ha
79%
pe
79%
po
79%
so
79%
ta
79%
yo
79%
de
78%
ho
78%
ma
78%
mo
78%
ne
78%
no
78%
ge
77%
go
77%
pa
77%
pa
77%
ru
77%
sa
77%
tsu
77%
za
77%
ze
77%
a
76%
da
76%
do
76%
he
76%
ki
76%
mi
76%
ra
76%
se
76%
a
75%
da
75%
go
75%
ho
75%
ni
75%
tsu
75%
wa
75%
zu
75%
gi
74%
me
74%
pi
74%
re
74%
shi
74%
ta
74%
to
74%
wo
74%
ya
74%
be
73%
ke
73%
ke
73%
ki
73%
ku
73%
ro
73%
chi
72%
de
72%
do
72%
fu
72%
na
72%
o
72%
ru
72%
ba
71%
mu
71%
pu
71%
zo
71%
zu
71%
ge
70%
ji
70%
ma
70%
yu
70%
e
69%
mo
69%
te
69%
u
69%
bo
68%
fu
68%
ko
68%
hi
67%
po
67%
ne
66%
wo
66%
ba
65%
ji
65%
bu
64%
so
64%
gu
63%
bi
62%
yo
61%
no
60%
nu
59%
No matching quizzes found
Score Distribution
Percent of People with Each Score
Percentile by Number Answered
Your Score History
You have not taken this quiz